<?xml version="1.0" encoding="UTF-8"?>
<record
    xmlns:xsi="http://www.w3.org/2001/XMLSchema-instance"
    xsi:schemaLocation="http://www.loc.gov/MARC21/slim http://www.loc.gov/standards/marcxml/schema/MARC21slim.xsd"
    xmlns="http://www.loc.gov/MARC21/slim">

  <leader>01107nam a22001697a 4500</leader>
  <controlfield tag="003">SGT</controlfield>
  <datafield tag="020" ind1=" " ind2=" ">
    <subfield code="a">9788126517022</subfield>
  </datafield>
  <datafield tag="082" ind1=" " ind2=" ">
    <subfield code="a">530,SZE</subfield>
  </datafield>
  <datafield tag="100" ind1=" " ind2=" ">
    <subfield code="a">SZE,S.M</subfield>
  </datafield>
  <datafield tag="245" ind1=" " ind2=" ">
    <subfield code="a">PHYSICS OF SEMICONDUCTOR DEVICES</subfield>
  </datafield>
  <datafield tag="250" ind1=" " ind2=" ">
    <subfield code="a">3RD</subfield>
  </datafield>
  <datafield tag="260" ind1=" " ind2=" ">
    <subfield code="a">NEW DELHI</subfield>
    <subfield code="b">WILEY</subfield>
    <subfield code="c">2015</subfield>
  </datafield>
  <datafield tag="300" ind1=" " ind2=" ">
    <subfield code="a">815</subfield>
  </datafield>
  <datafield tag="650" ind1=" " ind2=" ">
    <subfield code="a">PHYSICS, SEMICONDUCTOR DEVICES</subfield>
  </datafield>
  <datafield tag="653" ind1=" " ind2=" ">
    <subfield code="a">PART I SEMICONDUCTOR PHYSICS PHYSICS AND PROPERTIES OF SEMICONDUCTORS-A REVIEW PART II DEVICE BUILDING BLOCKS P-N JUNCTIONS METAL-SEMICONDUCTOR CONTACTS METAL-INSULATOR-SEMICONDUCTOR CAPACITORS PART III TRANSISTORS BIPOLAR TRANSISTORS MOSFETS JFETS, MESFETS, AND MODFETS PART IV NEGATIVE-RESISTANCE AND POWER DEVICES TUNNEL DEVICES IMPATT DIODES TRANSFERRED-ELECTRON AND REAL-SPACE-TRANSFER DEVICES THYRISTORS AND POWER DEVICES PART V PHOTONIC DEVICES AND SENSORS LEDS AND LASERS PHOTODETECTORS AND SOLAR CELLS SENSORS APPENDIXES A. LIST OF SYMBOLS B. INTERNATIONAL SYSTEM OF UNITS C. UNIT PREFIXES D. GREEK ALPHABET E. PHYSICAL CONSTANTS F. PROPERTIES OF IMPORTANT SEMICONDUCTORS G. PROPERTIES OF SI AND GAAS H. PROPERTIES OF SIO, AND SI3N</subfield>
  </datafield>
  <datafield tag="942" ind1=" " ind2=" ">
    <subfield code="2">ddc</subfield>
    <subfield code="c">FPS</subfield>
    <subfield code="0">9</subfield>
  </datafield>
  <datafield tag="952" ind1=" " ind2=" ">
    <subfield code="0">0</subfield>
    <subfield code="1">0</subfield>
    <subfield code="2">ddc</subfield>
    <subfield code="4">0</subfield>
    <subfield code="7">0</subfield>
    <subfield code="8">FS</subfield>
    <subfield code="a">SSSL</subfield>
    <subfield code="b">SSSL</subfield>
    <subfield code="c">TXT</subfield>
    <subfield code="d">2016-09-09</subfield>
    <subfield code="e">AHUJA BOOK</subfield>
    <subfield code="g">669.00</subfield>
    <subfield code="i">SGTU</subfield>
    <subfield code="l">6</subfield>
    <subfield code="o">530,SZE</subfield>
    <subfield code="p">PS2306</subfield>
    <subfield code="r">2025-07-30 00:00:00</subfield>
    <subfield code="s">2025-07-30</subfield>
    <subfield code="w">2016-08-08</subfield>
    <subfield code="y">FPS</subfield>
    <subfield code="k">7132</subfield>
  </datafield>
  <datafield tag="952" ind1=" " ind2=" ">
    <subfield code="0">0</subfield>
    <subfield code="1">0</subfield>
    <subfield code="2">ddc</subfield>
    <subfield code="4">0</subfield>
    <subfield code="7">0</subfield>
    <subfield code="8">FS</subfield>
    <subfield code="a">SSSL</subfield>
    <subfield code="b">SSSL</subfield>
    <subfield code="c">TXT</subfield>
    <subfield code="d">2016-09-09</subfield>
    <subfield code="e">AHUJA BOOK</subfield>
    <subfield code="g">669.00</subfield>
    <subfield code="i">SGTU</subfield>
    <subfield code="l">5</subfield>
    <subfield code="o">530,SZE</subfield>
    <subfield code="p">PS2307</subfield>
    <subfield code="r">2025-01-08 00:00:00</subfield>
    <subfield code="s">2024-12-05</subfield>
    <subfield code="w">2016-08-08</subfield>
    <subfield code="y">FPS</subfield>
    <subfield code="k">7132</subfield>
  </datafield>
  <datafield tag="952" ind1=" " ind2=" ">
    <subfield code="0">0</subfield>
    <subfield code="1">0</subfield>
    <subfield code="2">ddc</subfield>
    <subfield code="4">0</subfield>
    <subfield code="7">1</subfield>
    <subfield code="8">FS</subfield>
    <subfield code="a">SSSL</subfield>
    <subfield code="b">SSSL</subfield>
    <subfield code="c">REF</subfield>
    <subfield code="d">2016-09-09</subfield>
    <subfield code="e">AHUJA BOOK</subfield>
    <subfield code="g">669.00</subfield>
    <subfield code="i">SGTU</subfield>
    <subfield code="o">530,SZE</subfield>
    <subfield code="p">PS2308</subfield>
    <subfield code="r">2016-09-09 00:00:00</subfield>
    <subfield code="w">2016-08-08</subfield>
    <subfield code="y">FPS</subfield>
    <subfield code="k">7132</subfield>
  </datafield>
  <datafield tag="999" ind1=" " ind2=" ">
    <subfield code="c">9881</subfield>
    <subfield code="d">9881</subfield>
  </datafield>
</record>
